Statistics for Premier League Top Scorers 2018/19

Click here to take the quiz!

General Stats

  • This quiz has been taken 325 times
  • The average score is 12 of 15

Answer Stats

Club#MPGPlayer% Correct
Tottenham Hotspur17143Harry Kane
98%
Leicester City18152Jamie Vardy
98%
Liverpool22148Mohamed Salah
98%
Liverpool22140Sadio Mané
96%
Manchester City21118Sergio Agüero
96%
Arsenal22124Pierre-Emerick Aubameyang
95%
Manchester City17163Raheem Sterling
86%
Arsenal13193Alexandre Lacazette
81%
Chelsea16183Eden Hazard
80%
Wolverhampton13240Raúl Jiménez
69%
AFC Bournemouth14181Callum Wilson
65%
Everton13206Richarlison
63%
Manchester United13231Paul Pogba
51%
Brighton & Hove Albion13193Glenn Murray
50%
Everton13241Gylfi Sigurdsson
34%

Score Distribution

Percentile by Number Answered

Percent of People with Each Score

Your Score History

You have not taken this quiz